[Event "exe Slovakia Open 2025"]
[Site "Bratislava SVK"]
[Date "2025.09.18"]
[Round "6.59"]
[White "Kovacik, Oliver"]
[Black "Antal, Jozsef"]
[Result "0-1"]
[WhiteElo "1880"]
[BlackElo "1868"]
[WhiteFideId "2321963"]
[BlackFideId "710270"]
[EventDate "2025.09.13"]

1. d4 d5 2. Bf4 e6 3. e3 Nf6 4. Nf3 Bd6 5. c3 c5 6. Bd3 Nc6 7. Nbd2 Bxf4 8. exf4
cxd4 9. cxd4 O-O 10. O-O Qb6 11. Nb3 a5 12. a4 Nb4 13. Nc5 Nxd3 14. Qxd3 h6 15.
Ne5 Rd8 16. Rfe1 Qd6 17. Rac1 b6 18. Nb3 Ba6 19. Qf3 Rdc8 20. g4 Ne4 21. f5 Ng5
22. Qg3 f6 23. Ng6 Qxg3+ 24. hxg3 Nf3+ 25. Kh1 Nxe1 26. Rxe1 Re8 27. fxe6 Kh7
28. Nf4 g5 29. Nh5 Kg6 30. f4 f5 31. Kg2 Bd3 32. Nd2 fxg4 33. Re3 Bf5 34. Re5
Rxe6 35. Rxf5 Kxf5 36. Ng7+ Kf6 37. Nxe6 Kxe6 38. Nb1 gxf4 39. gxf4 Kf5 40. Nc3
Rd8 41. Kg3 h5 42. b3 h4+ 43. Kxh4 Kxf4 44. Kh5 g3 45. Ne2+ Kf3 46. Ng1+ Kf2 47.
Nh3+ Kf1 0-1

[Event "exe Slovakia Open 2025"]
[Site "Bratislava SVK"]
[Date "2025.09.18"]
[Round "6.60"]
[White "Simon, Peter"]
[Black "Janovicek, Lukas"]
[Result "1-0"]
[WhiteElo "1871"]
[BlackElo "1836"]
[WhiteFideId "14995948"]
[BlackFideId "14975831"]
[EventDate "2025.09.13"]

1. c4 e6 2. Nf3 d5 3. g3 Nf6 4. Bg2 c6 5. O-O Bd6 6. d4 Nbd7 7. Nc3 O-O 8. b3 b6
9. Bb2 Ba6 10. Nd2 Rc8 11. Re1 Re8 12. Rc1 Nf8 13. e3 Ng6 14. f4 Be7 15. g4 h6
16. Na4 dxc4 17. bxc4 Qd7 18. h3 Bb4 19. Bc3 Bxc3 20. Nxc3 Bb7 21. Nf3 Red8 22.
Ne5 Nxe5 23. fxe5 Ne8 24. Rf1 c5 25. d5 exd5 26. cxd5 Nc7 27. e4 Qe8 28. Qf3 Rd7
29. Qf5 Re7 30. d6 Rxe5 31. d7 Rxf5 32. dxe8=Q+ Rxe8 33. gxf5 Ba6 34. Rfd1 1-0

[Event "exe Slovakia Open 2025"]
[Site "Bratislava SVK"]
[Date "2025.09.18"]
[Round "6.61"]
[White "Krupa, Andrej"]
[Black "Gonda, Jan"]
[Result "1-0"]
[WhiteElo "1870"]
[BlackElo "1703"]
[WhiteFideId "73619876"]
[BlackFideId "14910489"]
[EventDate "2025.09.13"]

1. e4 d5 2. exd5 Qxd5 3. Nc3 Qa5 4. d4 c6 5. Bc4 Bf5 6. Nf3 e6 7. O-O Nd7 8. Re1
Be7 9. Bf4 Ngf6 10. Ne5 O-O 11. Nxd7 Nxd7 12. Bb3 Rfe8 13. Qe2 Nf6 14. Qe5 Qxe5
15. Rxe5 Rad8 16. Ree1 Nd5 17. Nxd5 exd5 18. f3 Bf6 19. c3 Bd7 20. g3 Rxe1+ 21.
Rxe1 Re8 22. Be5 Bd8 23. Kf2 f6 24. Bd6 Rxe1 25. Kxe1 Kf7 26. c4 dxc4 27. Bxc4+
Be6 28. b3 Bxc4 29. bxc4 Ke6 30. Bf8 g6 31. Ke2 f5 32. Kd3 a6 33. a4 b5 34. Kc3
bxc4 35. Kxc4 Bb6 36. Bh6 Kd6 37. Bd2 Ke6 38. Bf4 Kd7 39. d5 cxd5+ 40. Kxd5 Ba5
41. Bd6 Bc3 42. Bc5 Bf6 43. Be3 g5 44. h3 h6 45. g4 f4 46. Bc5 Bg7 47. Bd6 Bf6
48. Bf8 a5 49. Bxh6 Kc7 50. Ke6 Bd8 51. h4 gxh4 52. Bxf4+ Kc6 53. Bh2 Kc5 54. f4
Kb4 55. g5 Bb6 56. g6 Bd4 57. f5 Kxa4 58. f6 Kb3 59. g7 a4 60. Bd6 1-0

[Event "exe Slovakia Open 2025"]
[Site "Bratislava SVK"]
[Date "2025.09.18"]
[Round "6.62"]
[White "Macakova, Bianka"]
[Black "Petrik, Matus"]
[Result "1-0"]
[WhiteElo "1637"]
[BlackElo "1902"]
[WhiteFideId "14982846"]
[BlackFideId "266400"]
[EventDate "2025.09.13"]

1. e4 e5 2. f4 exf4 3. Nf3 d6 4. Bc4 g5 5. h4 g4 6. Ng5 Nh6 7. O-O Be7 8. d4 c6
9. Bxf4 d5 10. exd5 cxd5 11. Bb5+ Nc6 12. Bd3 Qb6 13. Be3 Qxb2 14. Nd2 f5 15.
Nb3 Bf6 16. Qe1 Qa3 17. Nc5 O-O 18. Nge6 Re8 19. Bxh6 Bxd4+ 20. Kh1 Bxc5 21.
Bxf5 Nd4 22. Qe5 Nxf5 23. Qxf5 1-0

[Event "exe Slovakia Open 2025"]
[Site "Bratislava SVK"]
[Date "2025.09.18"]
[Round "6.63"]
[White "Povysil, Peter"]
[Black "Prochazka, Michal"]
[Result "0-1"]
[WhiteElo "1853"]
[BlackElo "1764"]
[WhiteFideId "14908344"]
[BlackFideId "14975777"]
[EventDate "2025.09.13"]

1. e4 e6 2. d4 d5 3. Nc3 Nf6 4. e5 Nfd7 5. Nce2 c5 6. c3 Nc6 7. Nf3 Be7 8. a3
O-O 9. Nf4 c4 10. h4 b5 11. Ng5 g6 12. Ngxe6 fxe6 13. Nxe6 Qe8 14. Nxf8 Nxf8 15.
g3 Qf7 16. Bg2 Bf5 17. O-O Rd8 18. a4 b4 19. a5 b3 20. Bh6 Ne6 21. f4 Bd3 22.
Rf2 Bf8 23. Bxf8 Qxf8 24. Rf3 Bf5 25. Rf2 h5 26. Kh2 Ng7 27. Qh1 Qf7 28. Bf3 Qe6
29. Rg2 Bh3 30. Re2 Ne7 31. Bg2 Bf5 32. Qf1 Bd3 33. Qf2 Ngf5 34. Ree1 Nh6 35.
Bh3 Ng4+ 36. Bxg4 Qxg4 37. Re3 Bf5 38. Qg2 Be6 39. Rg1 Nf5 40. Rf3 Nh6 41. Re1
Qf5 42. Kg1 Ng4 43. Qe2 Qf7 44. Ra1 a6 45. Rff1 Rb8 46. Ra3 Nh6 47. Ra4 Qf5 48.
Qg2 Qh3 49. Qxh3 Bxh3 50. Rfa1 Bd7 51. R4a3 Nf5 52. Kf2 Ne7 53. Ke3 Nc6 54. Ra4
Rb5 55. R4a3 Kf7 56. Kf3 Bf5 57. Ke3 Ke6 58. Kf2 Nxd4 59. cxd4 c3 60. bxc3 b2
61. Re1 b1=Q 62. Rxb1 Rxb1 63. Ra2 Bd3 64. Ke3 Bc4 65. Ra3 Rb3 66. Rxb3 Bxb3 67.
Kd2 Ba4 68. Kc1 Kf5 69. Kd2 Kg4 70. c4 dxc4 71. d5 Bb3 72. d6 c3+ 73. Kxc3 Be6
74. Kb4 Kxg3 75. Kc5 Kxf4 76. Kc6 Kxe5 77. d7 Bxd7+ 78. Kxd7 g5 79. hxg5 h4 80.
Ke7 Kf5 0-1

[Event "exe Slovakia Open 2025"]
[Site "Bratislava SVK"]
[Date "2025.09.18"]
[Round "6.64"]
[White "Kebis, Milos"]
[Black "Chmelikova, Julia"]
[Result "1/2-1/2"]
[WhiteElo "1806"]
[BlackElo "1590"]
[WhiteFideId "14901471"]
[BlackFideId "14977753"]
[EventDate "2025.09.13"]

1. c4 e5 2. Nc3 Nc6 3. Nf3 g6 4. e3 Bg7 5. d4 d6 6. d5 Nce7 7. e4 c6 8. Be2 cxd5
9. cxd5 f5 10. O-O fxe4 11. Nxe4 Nf6 12. Bb5+ Kf8 13. Nxf6 Bxf6 14. Bh6+ Kg8 15.
h3 Nf5 16. Bd2 Kg7 17. Bc3 a6 18. Ba4 Bd7 19. Bc2 Rf8 20. Re1 Kg8 21. Nd2 Qc7
22. Ne4 Bg7 23. Bb3 a5 24. Rc1 Qb6 25. Qd2 Kh8 26. Qd1 Qa6 27. a3 Ne7 28. Bd2
Rac8 29. Be3 Nf5 30. Qd2 b5 31. Rxc8 Rxc8 32. Bg5 Nd4 33. Bd1 Be8 34. Bh6 Bxh6
35. Qxh6 Bf7 36. Qg5 Nf5 37. g4 Nd4 38. Qf6+ Kg8 39. Qxd6 Qxd6 40. Nxd6 Rd8 41.
Nxf7 Kxf7 42. Rxe5 h6 43. f4 b4 44. Kf2 bxa3 45. bxa3 Nb5 46. Bb3 Kf6 47. Re6+
Kf7 48. Ke3 Nxa3 49. Ke4 Nb5 50. Ke5 Nc7 51. Rf6+ Kg7 52. g5 hxg5 53. fxg5 Ne8
54. Re6 Rb8 55. Bc2 Kf8 56. Ba4 Kf7 57. Ra6 Rb1 58. Ra7+ Kf8 59. Rxa5 Re1+ 60.
Kd4 Nd6 61. Kc5 Nb7+ 62. Kb6 Nxa5 63. Kxa5 Re5 64. Bc6 Ke7 65. h4 Kd8 66. Kb6
Re4 67. d6 Rxh4 68. Bd5 Rg4 69. Be6 Rxg5 70. Kc6 Rg1 71. Kd5 Re1 72. Bg4 g5 73.
Kd4 Rg1 74. Bf5 Rf1 75. Ke5 Re1+ 76. Kf6 Rg1 77. Ke5 g4 78. Kf4 g3 79. Bh3 g2
80. Kg3 Rd1 81. Bxg2 Rxd6 82. Bf3 Rd3 83. Kf4 Ke7 84. Ke4 Ra3 85. Be2 Ra5 86.
Bc4 1/2-1/2

[Event "exe Slovakia Open 2025"]
[Site "Bratislava SVK"]
[Date "2025.09.18"]
[Round "6.66"]
[White "Malanik, Jakub"]
[Black "Orlov, Konstantin"]
[Result "0-1"]
[WhiteElo "1500"]
[BlackElo "1785"]
[WhiteFideId "14994240"]
[BlackFideId "1681575"]
[EventDate "2025.09.13"]

1. Nf3 d5 2. c4 e6 3. e3 Nf6 4. d4 Be7 5. Be2 O-O 6. Nc3 a6 7. c5 b6 8. cxb6
cxb6 9. O-O Nbd7 10. h3 Bd6 11. Qc2 Bb7 12. Nd2 Rc8 13. a3 e5 14. dxe5 Bxe5 15.
Ndb1 Ne4 16. Bd3 Ndc5 17. f3 Nxd3 18. Qxd3 Ng3 19. Rd1 Qh4 20. Bd2 d4 21. Na4
dxe3 22. Qxe3 Bd4 0-1

[Event "exe Slovakia Open 2025"]
[Site "Bratislava SVK"]
[Date "2025.09.18"]
[Round "6.68"]
[White "Dubnicka, Ferdinand"]
[Black "Rexova, Kristina"]
[Result "0-1"]
[WhiteElo "1533"]
[BlackElo "1559"]
[WhiteFideId "14944057"]
[BlackFideId "14987449"]
[EventDate "2025.09.13"]

1. e4 e5 2. Nf3 Nf6 3. Nc3 Nc6 4. Bc4 Nxe4 5. Bxf7+ Kxf7 6. Nxe4 Kg8 7. c3 d5 8.
d3 h6 9. Ng3 Be7 10. b4 a6 11. Qb3 Bg4 12. Be3 Kh7 13. Nd2 Rf8 14. f3 Be6 15.
Qc2 Kh8 16. O-O Qe8 17. a3 Qg6 18. Rac1 Bh4 19. Bf2 Bxg3 20. Bxg3 Bf5 21. Rfe1
Bxd3 22. Qb2 Rae8 23. Nb3 b6 24. a4 Qf5 25. Qd2 Rf7 26. Re3 Bc4 27. Na1 Ref8 28.
Rce1 e4 29. Qf2 Ne5 30. Bxe5 Qxe5 31. a5 Qg5 32. Kh1 exf3 33. g3 Qh5 34. Nc2 Qh3
35. Re8 Qg2+ 36. Qxg2 fxg2+ 37. Kxg2 Rf2+ 38. Kg1 Kg8 39. Rxf8+ Rxf8 40. Nd4
bxa5 41. bxa5 c5 42. Nc6 Rf6 43. Nb8 d4 44. Nd7 Rf5 45. Ne5 Bd5 46. g4 Rf4 47.
cxd4 cxd4 48. h3 Be4 49. Nc4 d3 50. Nd2 Bc6 51. Re3 Rd4 52. Kf2 Bb5 53. Re4 Rd5
54. Ke3 Rc5 55. Kd4 Rc2 56. Ke3 Ra2 57. Nb3 Re2+ 58. Kf3 Bc6 59. Nd4 Bxe4+ 60.
Kf4 d2 61. Nxe2 d1=Q 62. Kxe4 Qxe2+ 63. Kf4 Qd2+ 64. Kf3 Qxa5 65. Kg3 Qc3+ 66.
Kh4 a5 67. g5 a4 68. g6 a3 69. Kg4 a2 70. h4 a1=Q 71. h5 Qa4+ 72. Kf5 Qc5+ 73.
Ke6 Qe8# 0-1

[Event "exe Slovakia Open 2025"]
[Site "Bratislava SVK"]
[Date "2025.09.19"]
[Round "7.1"]
[White "Shohat, Yotam"]
[Black "Golubka, Petro"]
[Result "1/2-1/2"]
[WhiteTitle "IM"]
[BlackTitle "GM"]
[WhiteElo "2382"]
[BlackElo "2329"]
[WhiteFideId "2813955"]
[BlackFideId "14114224"]
[EventDate "2025.09.13"]

1. e4 e5 2. Nf3 Nf6 3. Nxe5 d6 4. Nf3 Nxe4 5. d4 d5 6. Bd3 Bd6 7. O-O O-O 8. c4
c6 9. Qc2 Bf5 10. Nc3 Re8 11. Re1 Na6 12. a3 Bb4 13. Bg5 f6 14. Bf4 Bxc3 15.
bxc3 g5 16. Bg3 Qd7 17. h4 Nxg3 18. fxg3 Bxd3 19. Qxd3 gxh4 20. Nxh4 Nc7 21.
cxd5 Nxd5 22. c4 Ne7 23. Rf1 Rf8 24. Rf4 Rf7 25. Raf1 Raf8 26. g4 Rg7 27. Qe4
Ng6 28. Nxg6 Rxg6 29. Re1 Qd6 30. Qe3 Qd7 1/2-1/2

[Event "exe Slovakia Open 2025"]
[Site "Bratislava SVK"]
[Date "2025.09.19"]
[Round "7.2"]
[White "Heberla, Bartlomiej"]
[Black "Zielonka, Adam"]
[Result "0-1"]
[WhiteTitle "GM"]
[BlackTitle "FM"]
[WhiteElo "2502"]
[BlackElo "2351"]
[WhiteFideId "1115120"]
[BlackFideId "21002096"]
[EventDate "2025.09.13"]

1. c4 c5 2. Nc3 Nf6 3. Nf3 Nc6 4. e3 e5 5. b3 Be7 6. Bb2 O-O 7. Qc2 d5 8. cxd5
Nxd5 9. Nxd5 Qxd5 10. Bc4 Qd6 11. Qe4 Bf6 12. h4 g6 13. g4 b5 14. Bxb5 Bb7 15.
Rh3 Rab8 16. Qd3 Qe7 17. e4 Nb4 18. Qb1 Bc8 19. Bc4 h5 20. g5 Bxh3 21. gxf6 Qxf6
22. Nxe5 Qd6 23. Qc1 Rbe8 24. Qc3 Qd4 25. Qxd4 cxd4 26. f4 Nc2+ 27. Ke2 Nxa1 28.
Bxa1 0-1

[Event "exe Slovakia Open 2025"]
[Site "Bratislava SVK"]
[Date "2025.09.19"]
[Round "7.3"]
[White "Hrbek, Stepan"]
[Black "Sahidi, Samir"]
[Result "1/2-1/2"]
[WhiteTitle "IM"]
[BlackTitle "IM"]
[WhiteElo "2446"]
[BlackElo "2469"]
[WhiteFideId "393479"]
[BlackFideId "14936372"]
[EventDate "2025.09.13"]

1. d4 Nf6 2. c4 e6 3. Nc3 Bb4 4. a3 Bxc3+ 5. bxc3 Nc6 6. f3 b6 7. e4 d6 8. Bd3
Na5 9. Bg5 h6 10. Bh4 g5 11. Bf2 Ba6 12. h4 Rg8 13. hxg5 hxg5 14. Rb1 Nd7 15. c5
Bxd3 16. Qxd3 dxc5 17. dxc5 Ne5 18. Qd4 Nac6 19. Qe3 Nd3+ 20. Kf1 Nxc5 21. Ne2
Qd3 22. Qxd3 Nxd3 23. Nd4 Nxf2 24. Kxf2 Ne5 25. Nb5 Kd7 26. Rbd1+ Kc6 27. Nd4+
Kb7 28. Rh7 Rad8 29. Ke2 Rd7 30. g3 Rgd8 31. f4 gxf4 32. gxf4 Nc4 33. Rg1 e5 34.
fxe5 Nxe5 35. Rg5 Re8 36. Rf5 Ree7 37. a4 Nc4 38. Rf4 a5 39. Nf3 Ka6 40. Nd4 Ne5
41. Rf5 Rd8 42. Nf3 Nxf3 43. Kxf3 Rd3+ 44. Kf4 Rd1 45. Rh3 Kb7 46. Re3 Rh1 47.
Kg5 Rh7 48. e5 Rg7+ 49. Kf4 Rg1 50. Re4 Kc6 51. Ke3 Kd7 52. Kd4 Ke8 53. Ref4 Rg7
54. c4 Rg3 55. c5 Ra3 56. cxb6 cxb6 57. Kd5 Rc3 58. Rf6 Rc5+ 59. Kd4 Rd7+ 60.
Rd6 Rxd6+ 61. exd6 f5 62. Rh4 Kd7 63. Rh6 Rc1 64. Ke5 Rc5+ 65. Kd4 f4 66. Rf6 f3
67. Rxf3 Kxd6 68. Rf6+ Kc7 69. Rf3 Kc6 70. Rf6+ Kb7 71. Rf7+ Ka6 72. Rh7 Rc1 73.
Rh4 Rc6 74. Rh5 Rc7 75. Rh3 Rc1 76. Rh4 Rc7 77. Rh3 Kb7 78. Rc3 Re7 79. Kc4 Re4+
80. Kb3 Re5 81. Rc2 Rc5 82. Rh2 Rd5 83. Rc2 Rd3+ 84. Rc3 Rd4 85. Rc4 Rd1 86. Rc2
Rb1+ 87. Ka3 Rb4 88. Rc3 Rd4 89. Kb3 Rd5 90. Rc2 Rc5 91. Rh2 Rc7 92. Rh4 Re7 93.
Rc4 Re3+ 94. Rc3 Re6 95. Rc4 Re1 96. Rc3 Re5 97. Rc4 Re6 98. Rc3 Rc6 99. Rxc6
Kxc6 100. Kc4 Kd7 101. Kb5 Kc7 102. Kc4 Kc6 103. Kd4 Kd6 104. Kc4 Kc6 105. Kd4
Kd6 106. Kc4 Kc6 107. Kd4 1/2-1/2

[Event "exe Slovakia Open 2025"]
[Site "Bratislava SVK"]
[Date "2025.09.19"]
[Round "7.4"]
[White "Elias, David"]
[Black "Koepke, Christian"]
[Result "1/2-1/2"]
[WhiteTitle "FM"]
[BlackTitle "IM"]
[WhiteElo "2329"]
[BlackElo "2331"]
[WhiteFideId "14960141"]
[BlackFideId "4655737"]
[EventDate "2025.09.13"]

1. d4 Nf6 2. c4 g6 3. Nc3 Bg7 4. e4 d6 5. Be2 O-O 6. Bg5 Na6 7. h3 c6 8. Nf3 e5
9. d5 h6 10. Be3 cxd5 11. cxd5 Nc5 12. Nd2 a5 13. a3 Ne8 14. b4 Nd7 15. Nc4 a4
16. Nxa4 b5 17. Nab6 bxc4 18. Nxa8 Bb7 19. a4 f5 20. a5 Bxa8 21. Bxc4 Nef6 22.
exf5 gxf5 23. Ra3 Nh7 24. g3 f4 25. gxf4 exf4 26. Bd4 Ne5 27. Rg1 Kh8 28. Kf1
Nf6 29. Ba2 Qd7 30. Rc3 Nxd5 31. Bxe5 dxe5 32. Rd3 Kh7 33. h4 1/2-1/2

[Event "exe Slovakia Open 2025"]
[Site "Bratislava SVK"]
[Date "2025.09.19"]
[Round "7.6"]
[White "Brnusak, Tomas"]
[Black "Pavlovic, Milos"]
[Result "1/2-1/2"]
[BlackTitle "GM"]
[WhiteElo "2245"]
[BlackElo "2409"]
[WhiteFideId "14939878"]
[BlackFideId "900389"]
[EventDate "2025.09.13"]

1. d4 Nf6 2. c4 e6 3. Nf3 Bb4+ 4. Nbd2 O-O 5. a3 Be7 6. e3 d5 7. Bd3 c5 8. O-O
cxd4 9. exd4 dxc4 10. Nxc4 b6 11. Qe2 Bb7 12. Rd1 Nbd7 13. Bf4 Nd5 14. Bg3 N7f6
15. Nfe5 Rc8 16. Rac1 g6 17. Ne3 Rxc1 18. Rxc1 Nh5 19. Bb5 Nxe3 20. fxe3 Nxg3
21. hxg3 Bd6 22. Bc6 Bxe5 23. Bxb7 Bxg3 24. Qg4 Bc7 25. Qf3 Qe7 26. Ba6 Kg7 27.
Qb7 Bd6 28. Qxe7 Bxe7 29. Rc7 Bg5 30. Kf2 Ra8 31. Kf3 Kf8 32. Bb7 Re8 33. Bc6
Re7 34. Bd7 a5 35. Rc8+ Kg7 36. Bc6 f5 37. Rb8 Rc7 38. Rxb6 Bf6 39. b4 axb4 40.
axb4 Ra7 1/2-1/2

[Event "exe Slovakia Open 2025"]
[Site "Bratislava SVK"]
[Date "2025.09.19"]
[Round "7.7"]
[White "Holly, Andrej"]
[Black "Jablonicky, Martin"]
[Result "1/2-1/2"]
[BlackTitle "IM"]
[WhiteElo "2199"]
[BlackElo "2363"]
[WhiteFideId "14947781"]
[BlackFideId "14925621"]
[EventDate "2025.09.13"]

1. e4 Nf6 2. e5 Nd5 3. c4 Nb6 4. d4 d6 5. exd6 exd6 6. Bd3 Be7 7. Ne2 O-O 8. O-O
Nc6 9. Nbc3 Bf6 10. Be3 g6 11. Qd2 Re8 12. b3 Bg4 13. f3 Bd7 14. Ne4 Bg7 15. Bg5
f6 16. Bh4 g5 17. Bf2 d5 18. Nc5 Bc8 19. Rad1 a5 20. Ng3 dxc4 21. Bb1 Ne7 22.
bxc4 Ng6 23. Qc2 Nd7 24. Nce4 Ndf8 25. Nh5 Ra6 26. Rfe1 Bh8 27. Qd2 g4 28. c5 f5
29. Neg3 Rxe1+ 30. Rxe1 gxf3 31. Nxf5 Bxf5 32. Bxf5 Qd5 33. g4 Ra8 34. Nf4 Qf7
35. Ne6 Re8 36. d5 c6 37. Nxf8 Rxe1+ 38. Qxe1 Nxf8 39. d6 Qxa2 40. d7 Bf6 41.
Qd1 Qd5 42. Qxd5+ cxd5 43. Bg3 Bd8 44. Kf2 a4 45. Bd6 a3 46. c6 Bb6+ 47. Kxf3 a2
48. d8=Q Bxd8 49. cxb7 a1=Q 50. b8=Q Qf1+ 51. Kg3 Qg1+ 52. Kf3 Qf1+ 1/2-1/2

[Event "exe Slovakia Open 2025"]
[Site "Bratislava SVK"]
[Date "2025.09.19"]
[Round "7.8"]
[White "Nawalaniec, Adam"]
[Black "Snehal, Bhosale"]
[Result "1/2-1/2"]
[WhiteTitle "FM"]
[BlackTitle "CM"]
[WhiteElo "2302"]
[BlackElo "2270"]
[WhiteFideId "21023786"]
[BlackFideId "5021995"]
[EventDate "2025.09.13"]

1. e4 e5 2. Nf3 Nc6 3. Bc4 Nf6 4. d3 Bc5 5. O-O d6 6. c3 O-O 7. a4 a5 8. Be3
Bxe3 9. fxe3 d5 10. exd5 Nxd5 11. Qe2 Be6 12. Bb5 Bg4 13. Bxc6 bxc6 14. Nbd2 f5
15. Qe1 Qe7 16. d4 Bxf3 17. Nxf3 e4 18. Ne5 Qg5 19. Nc4 f4 20. exf4 Nxf4 21. g3
Nh3+ 22. Kg2 Rxf1 23. Qxf1 Rf8 24. Qe1 Rf2+ 25. Kh1 1/2-1/2

[Event "exe Slovakia Open 2025"]
[Site "Bratislava SVK"]
[Date "2025.09.19"]
[Round "7.9"]
[White "Selbes, Tamer Tarik"]
[Black "Pechac, Jergus"]
[Result "0-1"]
[WhiteTitle "FM"]
[BlackTitle "GM"]
[WhiteElo "2209"]
[BlackElo "2544"]
[WhiteFideId "6302513"]
[BlackFideId "14926970"]
[EventDate "2025.09.13"]

1. e4 c6 2. d4 d5 3. e5 c5 4. c4 Nc6 5. Nf3 cxd4 6. Nxd4 e6 7. Nc3 Bb4 8. a3
Bxc3+ 9. bxc3 Nge7 10. h4 Qa5 11. Rh3 Nxe5 12. cxd5 Qxd5 13. c4 Qd8 14. Bb2 O-O
15. Rg3 f6 16. h5 Nf5 17. Nxf5 exf5 18. h6 g6 19. Qxd8 Rxd8 20. Re3 Kf7 21. c5
Be6 22. Bxe5 fxe5 23. Rb1 Bd5 24. Rxe5 Kf6 25. f4 g5 26. Rd1 Be6 27. Rxd8 Rxd8
28. c6 bxc6 29. Ra5 Rd7 30. fxg5+ Kxg5 31. Be2 Bd5 32. Kf2 Kxh6 33. Bf3 Kg5 34.
Bxd5 cxd5 35. Ke3 Kg4 36. Ra6 Kg3 37. Rf6 f4+ 38. Kd4 Rg7 39. Kxd5 Rg4 40. Rc6
Kxg2 41. Rc2+ Kg3 42. Ke4 f3+ 43. Ke3 Rg6 0-1

[Event "exe Slovakia Open 2025"]
[Site "Bratislava SVK"]
[Date "2025.09.19"]
[Round "7.10"]
[White "Beliavsky, Alexander G"]
[Black "Jendrowiak, Maciej"]
[Result "1/2-1/2"]
[WhiteTitle "GM"]
[WhiteElo "2453"]
[BlackElo "2171"]
[WhiteFideId "14602377"]
[BlackFideId "21861374"]
[EventDate "2025.09.13"]

1. d4 Nf6 2. c4 e6 3. Nf3 b6 4. g3 Ba6 5. Qa4 Bb7 6. Bg2 c5 7. dxc5 bxc5 8. Nc3
Be7 9. O-O O-O 10. Rd1 d6 11. Bf4 Qb6 12. Rd2 Rd8 13. Rad1 h6 14. Qb5 Ne8 15. e4
Nd7 16. e5 Nxe5 17. Nxe5 Bxg2 18. Kxg2 dxe5 19. Rxd8 Rxd8 20. Rxd8 Qxd8 21. Bxe5
Qa8+ 22. Kg1 h5 23. Qb8 Qxb8 24. Bxb8 a6 25. Na4 Nf6 26. Nb6 Bd8 27. Nc8 Nd7 28.
Bd6 Bf6 29. b3 g5 30. Na7 Bc3 31. Kf1 1/2-1/2

[Event "exe Slovakia Open 2025"]
[Site "Bratislava SVK"]
[Date "2025.09.19"]
[Round "7.11"]
[White "Shtemler, Lavi"]
[Black "Pacher, Milan"]
[Result "0-1"]
[BlackTitle "GM"]
[WhiteElo "2185"]
[BlackElo "2392"]
[WhiteFideId "2812061"]
[BlackFideId "14907445"]
[EventDate "2025.09.13"]

1. e4 e5 2. Nf3 Nc6 3. Bb5 Nf6 4. O-O Nxe4 5. d4 Nd6 6. Bxc6 dxc6 7. dxe5 Nf5 8.
Qxd8+ Kxd8 9. h3 Ke8 10. Nc3 h5 11. Bf4 Be7 12. Rfe1 Be6 13. Ng5 Nd4 14. Nxe6
Nxe6 15. Be3 h4 16. f4 g6 17. Ne4 a5 18. a4 b6 19. Kf2 Rd8 20. Rad1 Rd7 21. Rxd7
Kxd7 22. Rd1+ Kc8 23. Kf3 Ng7 24. b3 Nf5 25. Bf2 c5 26. Kg4 Nh6+ 27. Kf3 Nf5 28.
Rd3 Kb7 29. c3 Kc6 30. Nd2 Rg8 31. Ke4 Ng7 32. Nc4 Re8 33. Ne3 f5+ 34. Kf3 Rd8
35. Rxd8 Bxd8 36. Nc4 Kd5 37. Ne3+ Ke6 38. g3 hxg3 39. Bxg3 c6 40. Ng2 Kf7 41.
Ke3 c4 42. b4 axb4 43. cxb4 b5 44. Kd2 Bb6 45. Kc3 Ne6 46. a5 Bd4+ 47. Kc2 Nc7
48. Be1 Nd5 49. Nh4 Nxf4 50. Nf3 Ba7 51. Bc3 Nd5 52. Kb2 f4 53. Ng5+ Ke7 54. Be1
Bd4+ 55. Ka3 Bxe5 56. Bf2 Ne3 57. Bxe3 fxe3 58. Nf3 e2 59. a6 Bd4 60. Ka2 Kd6
61. Kb1 Kc7 62. Kc2 Be3 0-1

[Event "exe Slovakia Open 2025"]
[Site "Bratislava SVK"]
[Date "2025.09.19"]
[Round "7.12"]
[White "Boesel, Alexander"]
[Black "Koelber, Daniel"]
[Result "1/2-1/2"]
[WhiteElo "2054"]
[BlackElo "2270"]
[WhiteFideId "4623185"]
[BlackFideId "1643380"]
[EventDate "2025.09.13"]

1. e4 c5 2. Nf3 d6 3. Bb5+ Nd7 4. a4 Nf6 5. Nc3 e6 6. d4 cxd4 7. Nxd4 Be7 8. g4
a6 9. g5 axb5 10. gxf6 Nxf6 11. Ndxb5 O-O 12. Rg1 Kh8 13. Bg5 d5 14. exd5 Nxd5
15. Bxe7 Qxe7 16. Qd4 Nf6 17. O-O-O Bd7 18. Qe5 Rg8 19. Rd4 Bc6 20. Rh4 Bxb5 21.
Nxb5 Rac8 22. Nd6 Rc6 23. Ne4 Rgc8 24. c3 Rc4 25. Rg3 R8c5 1/2-1/2

[Event "exe Slovakia Open 2025"]
[Site "Bratislava SVK"]
[Date "2025.09.19"]
[Round "7.13"]
[White "Schwarz, Dusan"]
[Black "Gay, Lukas"]
[Result "1/2-1/2"]
[WhiteElo "2270"]
[BlackElo "2093"]
[WhiteFideId "14903890"]
[BlackFideId "14966433"]
[EventDate "2025.09.13"]

1. d4 d5 2. Nf3 Nf6 3. c4 dxc4 4. Nc3 e6 5. e4 c5 6. d5 exd5 7. e5 Ne4 8. Nxe4
dxe4 9. Qxd8+ Kxd8 10. Ng5 Be6 11. Nxe6+ fxe6 12. Bxc4 Nc6 13. Bxe6 Nxe5 14. O-O
Kc7 15. Bd5 Nd3 16. Bxe4 Nxc1 17. Raxc1 Re8 18. Rfe1 Bd6 19. g3 g5 20. Kg2 Re7
21. f3 Rhe8 22. Red1 g4 23. Rd5 gxf3+ 24. Bxf3 Re5 25. Rd2 Be7 26. Rcd1 Rd8 27.
Rxd8 Bxd8 28. Bg4 Be7 29. b3 Bd6 30. Bf3 b5 31. Rd2 c4 32. bxc4 bxc4 33. Rc2 Rc5
34. Be4 h6 35. Kf3 c3 36. Ke3 Be5 37. Rf2 Kd6 38. Kd3 1/2-1/2

[Event "exe Slovakia Open 2025"]
[Site "Bratislava SVK"]
[Date "2025.09.19"]
[Round "7.14"]
[White "Gubin, Dmitrii"]
[Black "Zaiarski, Stepan"]
[Result "1-0"]
[WhiteElo "2219"]
[BlackElo "1987"]
[WhiteFideId "13911848"]
[BlackFideId "13907000"]
[EventDate "2025.09.13"]

1. c4 Nf6 2. g3 g6 3. Bg2 Bg7 4. Nc3 d6 5. e4 e5 6. Nge2 Nc6 7. O-O O-O 8. d3
Nd7 9. Be3 Nc5 10. Qd2 Ne6 11. f4 exf4 12. gxf4 Ned4 13. Rac1 f5 14. b4 Qe7 15.
b5 Nxe2+ 16. Nxe2 Nd8 17. c5 Nf7 18. cxd6 cxd6 19. Qb4 a5 20. bxa6 Rxa6 21. Nc3
fxe4 22. dxe4 Qh4 23. Bd4 Bxd4+ 24. Qxd4 Bh3 25. Bxh3 Qxh3 26. Nd5 Rfa8 27. Rc3
Qh4 28. Rf2 Rxa2 1-0

[Event "exe Slovakia Open 2025"]
[Site "Bratislava SVK"]
[Date "2025.09.19"]
[Round "7.15"]
[White "Smetana, Peter"]
[Black "Sydoryka, Vladyslav"]
[Result "0-1"]
[BlackTitle "FM"]
[WhiteElo "1956"]
[BlackElo "2246"]
[WhiteFideId "14961946"]
[BlackFideId "14145928"]
[EventDate "2025.09.13"]

1. e4 g6 2. d4 Bg7 3. Nf3 d5 4. exd5 Qxd5 5. c4 Qd6 6. Nc3 Nf6 7. h3 O-O 8. Be2
b6 9. O-O Bb7 10. Be3 a6 11. a3 e6 12. b4 Nc6 13. Ra2 Ne7 14. Ne1 Rad8 15. Bf3
Bc6 16. Rd2 Nf5 17. Qe2 Qd7 18. Nc2 b5 19. d5 Nxe3 20. Nxe3 bxc4 21. Qxc4 exd5
22. Ncxd5 Nxd5 23. Nxd5 Bb5 24. Nf6+ Bxf6 25. Rxd7 Bxc4 26. Rxd8 Rxd8 27. Rc1
Rd4 28. a4 Be5 29. b5 axb5 30. axb5 Bd6 31. Bc6 Bd5 32. Bd7 Rb4 33. g3 Bc4 0-1